Probability charts for decision making (Record no. 16339)

000 -LEADER
fixed length control field 00456cam a2200169 4500
020 ## - INTERNATIONAL STANDARD BOOK NUMBER
ISBN 0831110236
040 ## - CATALOGING SOURCE
Transcribing agency DLC
082 00 - DEWEY DECIMAL CLASSIFICATION NUMBER
Classification number 519 IND 1971 A023 Or.
100 1# - MAIN ENTRY--AUTHOR NAME
Personal name King, James R.
245 10 - TITLE STATEMENT
Title Probability charts for decision making
260 ## - PUBLICATION, DISTRIBUTION, ETC. (IMPRINT)
Place of publication New York,
Name of publisher Industrial Press
Year of publication [1971]
300 ## - PHYSICAL DESCRIPTION
Number of Pages xiv, 290 p.
Other physical details illus.
Dimensions 29 cm.
650 #0 - SUBJECT ADDED ENTRY--TOPICAL TERM
Topical Term Statistical decision.
650 #0 - SUBJECT ADDED ENTRY--TOPICAL TERM
Topical Term Distribution (Probability theory)
650 #0 - SUBJECT ADDED ENTRY--TOPICAL TERM
Topical Term Statistics
942 ## - ADDED ENTRY ELEMENTS (KOHA)
Koha item type សៀវភៅភាសាអង់គ្លេស
952 ## - LOCATION AND ITEM INFORMATION (KOHA)
Withdrawn status [LOCAL, KOHA] 0
Holdings
Permanent Location Date acquired Koha item type Lost status Shelving location Barcode Current Location Full call number
Library Block A2018-02-07សៀវភៅភាសាអង់គ្លេស A023A26828Library Block A519 IND 1971 A023 Or.
មជ្ឈមណ្ឌលឯការនៃសាកលវិទ្យាល័យភូមិន្ទកសិកម្មចំការដូង

Powered by Koha